000 00895cam a2200193 i 4500
005 20260223110901.0
008 250721s2013 le gr 000 0 ara d
020 _a2745168221
082 1 4 _a414.1
_bد ق ي
100 1 _aالدقيقي،تقى الدين
_eمؤلف.
245 1 0 _aاتفاق المباني افتراق المعاني :
_b وهو كتاب لغوي يبحث في مباني ومعاني الالفاظ مما اختلف لفظه /
_cتأليف تقي الدين الدقيقي، سليمان بن بنين بن خلف بن عوض اللغوي.
264 3 1 _aبيروت :
_bدار الكتب العلمية،
_c2013.
300 _a192صفحة.
650 1 7 _aاللغة العربية.
650 1 7 _aعلم المعاني.
700 1 _aاللغوي،سليمان بن بنين بن خلف بن عوض
_eمؤلف.
942 _2ddc
_cBK
999 _c137114
_d137114